Word Ladder: Holy Grail Quiz Stats

 Plays Quiz Updated Mar 21, 2019

Score 0/45 Timer 05:00
2 Plays Today
Hint Word % Correct
A grizzly beastBEAR
94.1%
Tidy or well-groomedNEAT
91.7%
♦ 'In order to maintain air-speed velocity, a swallow needs to ____ its wings 43 times every second, right?' ♦♦BEAT♦
90.6%
Term of affectionDEAR
89.5%
♦ 'Cut down a tree with a herring? It ____ be done.' ♦♦CAN'T♦
89%
♦ 'I don't ____ to talk to you no more, you empty headed animal food trough wiper!' ♦♦WANT♦
88.8%
♦ 'Oh, bloody ____.' ♦♦HELL♦
88.2%
A walking stickCANE
87.4%
♦ 'My ____ is Roger the Shrubber.' ♦♦NAME♦
86.7%
♦ 'Now go away or I shall taunt you a second ____.' ♦♦TIME♦
86.6%
Fashion designer VeraWANG
86.3%
♦ 'If she weighs the ____ as a duck... she's made of wood.' ♦♦SAME♦
86%
♦ 'Make sure the Prince doesn't leave this room until I ____ and get him.' ♦♦COME♦
85.9%
♦ 'There are ____ who call me... Tim.' ♦♦SOME♦
85.8%
Made an appearanceCAME
84.2%
♦ 'Can you ____ around a couple of minutes? He won't be long.' ♦♦HANG♦
84.1%
Piece in a mosaicTILE
83.5%
Highway dividerLANE
83.2%
Competent & clearheadedSANE
82.9%
♦ 'I have no quarrel with you, good Sir knight, but I ____ cross this bridge.' ♦♦MUST♦
82.9%
♦ 'That rabbit's got a vicious streak a ____ wide!' ♦♦MILE♦
82.6%
♦ 'Yes, of course! The Holy ____ Grenade of Antioch!' ♦♦HAND♦
81.3%
♦ 'Oh, cut your own ____ off!' ♦♦HEAD♦
80.7%
Hint Word % Correct
Oxidized coatingRUST
80.6%
♦ 'It's ____ a flesh wound.'♦♦JUST♦
80.5%
♦ 'Bring out your ____!' ♦♦DEAD♦
80.4%
♦ 'She's beautiful, she's rich, she's got huge tracts of ____.' ♦♦LAND♦
80.1%
♦ 'O, Knights of Ni, we ____ brought you your shrubbery.' ♦♦HAVE♦
78.3%
A pack animalMULE
78%
Source of inspirationMUSE
77.2%
The Book of Armaments, for oneTOME
75.7%
Alaskan Iditarod terminusNOME
75.6%
♦ '...For beyond the ____ lies the Gorge of Eternal Peril.' ♦♦CAVE♦
75.5%
♦ '... who had personally wet himself at the Battle of Badon ____.' ♦♦HILL♦
74%
♦ 'What, ____ under the dorsal guiding feathers?' ♦♦HELD♦
73.8%
Occupy completelyFILL
73.8%
Reynolds, Ward, or Lancaster, e.g.BURT
73.4%
A complete failureBUST
73.1%
Arrange in a cabinetFILE
71.6%
A bit of witJEST
71.1%
♦ 'You must try to ____! Doctor Piglet, Doctor Winston!' ♦♦REST♦
70.5%
♦ 'One... two... ____!' ♦♦FIVE♦
69.1%
A house of wax?HIVE
66.7%
♦ 'She turned me into a ____!' ♦♦NEWT♦
66.1%
♦ 'And what do you ____, apart from witches?' ♦♦BURN♦
64.6%

Today's Daily Dose

Missing Word
Celine Dion

Word Ladder
Dr. Seuss Books

Quick Pick
Cities in India

Get the Picture
'A' Actresses

You're not logged in!

Compare scores with friends on all Sporcle quizzes.
OR
Log In

Sporcle TV

Today on Sporcle TV


Watch our educational content, quiz creation guides, and fun videos on Sporcle TV.

Show Comments

Extras

Top Quizzes Today


Score Distribution

Your Account Isn't Verified!

In order to create a playlist on Sporcle, you need to verify the email address you used during registration. Go to your Sporcle Settings to finish the process.

Report this User

Report this user for behavior that violates our Community Guidelines.

Details: